000 00537nam a22001937a 4500
005 20240927073833.0
008 240927b |||||||| |||| 00| 0 eng d
020 _a9789355017352
040 _aIN-DiNC
_cIN-DiNC
041 _deng
082 _a170
_bUPA
100 _aUpadhyay, Ranvijay
_eauthor
245 _aEthics, integrity and aptitude in governance/
_cby Ranvijay Upadhyay
250 _a1st ed.
260 _aNew Delhi:
_bS chand publishing,
_c2023.
300 _a589p.
650 _aEthics and human values
942 _2ddc
_cBK
999 _c12000
_d12000